Sports Quiz

Random Sports or Nation Quiz
Score 0/36 Timer 06:00
0 Plays Today
Hint Answer % Correct
TeamITA-STE-TEMP
87.5%
First NameITA-STE-TEMP
87.5%
SurnameITA-STE-TEMP
87.5%
TeamUSA-MER-MOS
85.9%
First NameUSA-MER-MOS
85.9%
SurnameUSA-MER-MOS
85.9%
TeamGB-EDW-SCOT
81.3%
First NameGB-EDW-SCOT
81.3%
SurnameGB-EDW-SCOT
81.3%
TeamGRE-NIKOLAOS-DEL
78.1%
TeamAUS-JOE-DENN
78.1%
First NameGRE-NIKOLAOS-DEL
78.1%
First NameAUS-JOE-DENN
78.1%
SurnameGRE-NIKOLAOS-DEL
78.1%
SurnameAUS-JOE-DENN
78.1%
TeamSPA-INA-AGUI
76.6%
First NameSPA-INA-AGUI
76.6%
SurnameSPA-INA-AGUI
76.6%
Hint Answer % Correct
TeamHUN-ZOL-SZEC
71.9%
First NameHUN-ZOL-SZEC
71.9%
SurnameHUN-ZOL-SZEC
71.9%
TeamROM-DRA-STOE
68.8%
First NameROM-DRA-STOE
68.8%
SurnameROM-DRA-STOE
68.8%
TeamCRO-JOS-PAVI
65.6%
First NameCRO-JOS-PAVI
65.6%
SurnameCRO-JOS-PAVI
65.6%
TeamMON-MIL-SCEP
62.5%
First NameMON-MIL-SCEP
62.5%
SurnameMON-MIL-SCEP
62.5%
TeamKAZ-NIKOLAY-MAX
60.9%
TeamSER-SLO-SORO
60.9%
First NameKAZ-NIKOLAY-MAX
60.9%
First NameSER-SLO-SORO
60.9%
SurnameKAZ-NIKOLAY-MAX
60.9%
SurnameSER-SLO-SORO
60.9%

You're not logged in!

Compare scores with friends on all Sporcle quizzes.
OR
Log In

Sporcle TV

Today on Sporcle TV


Watch our educational content, quiz creation guides, and fun videos on Sporcle TV.

Show Comments

Extras

Top Quizzes Today


Score Distribution

Paid Content

Your Account Isn't Verified!

In order to create a playlist on Sporcle, you need to verify the email address you used during registration. Go to your Sporcle Settings to finish the process.

Report this User

Report this user for behavior that violates our Community Guidelines.

Details: